| 000 | 01217nam a2200289Ii 4500 | ||
|---|---|---|---|
| 008 | 221202s xx 000 0 und d | ||
| 245 | 0 |
_aEthics Dumping : _b Case Studies from North-South Research Collaborations |
|
| 264 | 1 |
_aCham _bSpringer Nature _c2018 |
|
| 300 | _a1 online resource | ||
| 336 |
_atext _btxt _2rdacontent |
||
| 337 |
_acomputer _bc _2rdamedia |
||
| 338 |
_aonline resource _bcr _2rdacarrier |
||
| 490 | _aSpringerBriefs in Research and Innovation Governance | ||
| 520 | _aGlobal Research Ethics; Global Bioethics; North-South Collaborations; Exploitation Vulnerability; Research Governance; Double Standards in Research; Ethics Dumping Examples | ||
| 653 | _aExploitation Vulnerability | ||
| 653 | _aGlobal Bioethics | ||
| 653 | _aGlobal Research Ethics | ||
| 653 | _aNorth-South Collaborations | ||
| 653 | _aResearch Governance | ||
| 700 | 1 | _aCook, Julie | |
| 700 | 1 | _aFenet, Solveig | |
| 700 | 1 | _aHirsch, François | |
| 700 | 1 | _aMuthuswamy, Vasantha | |
| 700 | 1 | _aSchroeder, Doris | |
| 856 |
_uhttps://docs.google.com/spreadsheets/d/1yKIrdCPDAG_9c22mwoOIO2DOhtj65Wqa/edit?usp=sharing&ouid=106555315294820607512&rtpof=true&sd=true _yList of Curated E-Books |
||
| 942 | _cE-BOOK | ||
| 999 |
_c93310 _d93307 |
||